Vascularización de las lesiones tuberculosas de pulmón y quimioterapia en la tuberculosis pulmonar / (Record no. 19661)

MARC details
000 -LEADER
campo de control de longitud fija 00651nam a2200181 i 4500
001 - NÚMERO DE CONTROL
campo de control 19661
003 - IDENTIFICADOR DE NÚMERO DE CONTROL
campo de control ES-MaACL
005 - FECHA Y HORA DE LA ÚLTIMA TRANSACCIÓN
campo de control 20230906152137.0
007 - CAMPO FIJO DE DESCRIPCIÓN FÍSICA--INFORMACIÓN GENERAL
campo de control de longitud fija t|
008 - DATOS DE LONGITUD FIJA--INFORMACIÓN GENERAL
campo de control de longitud fija 021007s1953 sp ||||1| spa d
100 0# - ENTRADA PRINCIPAL--NOMBRE DE PERSONA
Nombre de persona Abelló, José
9 (RLIN) 18076
245 10 - MENCIÓN DEL TÍTULO
Título Vascularización de las lesiones tuberculosas de pulmón y quimioterapia en la tuberculosis pulmonar /
Mención de responsabilidad, etc. por José Abelló.
260 ## - PUBLICACIÓN, DISTRIBUCIÓN, ETC.
Lugar de publicación, distribución, etc. Madrid :
Nombre del editor, distribuidor, etc. [s.n.],
Fecha de publicación, distribución, etc. 1953 (
Fabricante Gráf. González)
300 ## - DESCRIPCIÓN FÍSICA
Extensión 28 p., 13 lám. ;
Dimensiones 24 cm.
500 ## - NOTA GENERAL
Nota general Es separata de la Revista de Sanidad e Higiene Pública, mayo-junio 1953, año XXVII.
852 ## - LOCALIZACIÓN
Ubicación ES-MaACL
Número de control de estantería 1951-F-2
Sublocalización o colección R.34790
Holdings
Estatus retirado Estado de pérdida Estado de daño No para préstamo Colección Biblioteca de origen Biblioteca actual Ubicación en estantería Fecha de adquisición Fuente de adquisición Total de préstamos Signatura topográfica completa Código de barras Visto por última vez Precio de reemplazo Tipo de ítem Koha
        Colección de folletos Biblioteca del Ateneo de Madrid Biblioteca del Ateneo de Madrid Depósito folletos 17/01/2008     1951-F-2 1020126 23/02/2023 23/02/2023 Folleto